Motýlí tyranie /

Napínavý sci-fi thriller německého autora o nadějích a hrozbách, které může přinést do našeho světa umělá inteligence.

Hlavní autor: Schätzing, Frank, 1957-
Další autoři: Čížek, Vítězslav, 1952-
Jazyk: Čeština
Vydáno: Praha : Euromedia Group, 2019
Vydání: Vydání první
Témata:
Fyzický popis: 534 stran ; 24 cm
Knihy
Uloženo v:
LEADER 02638nam a2200505 i 4500
001 nkc20193096558
003 CZ PrNK
005 20191016100543.0
007 ta
008 190917s2019 xr g 000 f cze
015 |a cnb003096558 
020 |a 978-80-7617-600-3  |q (vázáno) 
035 |a (OCoLC)1127247958 
040 |a ABG001  |b cze  |e rda 
041 1 |a cze  |h ger 
072 7 |a 821.112.2-3  |x Německá próza, německy psaná  |2 Konspekt  |9 25 
080 |a 821.112.2-31  |2 MRF 
080 |a (0:82-312.4)  |2 MRF 
080 |a (0:82-311.9)  |2 MRF 
100 1 |a Schätzing, Frank,  |d 1957-  |7 xx0041940  |4 aut 
240 1 0 |a Tyrannei des Schmetterlings.  |l Česky 
245 1 0 |a Motýlí tyranie /  |c Frank Schätzing ; z německého originálu Die Tyrannei des Schmetterlings ... přeložil Vítězslav Čížek 
250 |a Vydání první 
264 1 |a Praha :  |b Euromedia Group,  |c 2019 
300 |a 534 stran ;  |c 24 cm 
336 |a text  |b txt  |2 rdacontent 
337 |a bez média  |b n  |2 rdamedia 
338 |a svazek  |b nc  |2 rdacarrier 
500 |a Na hřbetu nakladatel: Laser 
520 2 |a Napínavý sci-fi thriller německého autora o nadějích a hrozbách, které může přinést do našeho světa umělá inteligence.  |b Když začal šerif Luther Opoku vyšetřovat případ ženy, která se z neznámých důvodů zřítila do propasti, tušil, že to nebude úplně snadný případ, ale ani ve snu si nepředstavoval, jakým nebezpečím bude čelit. V opuštěné oblasti na kalifornsko-nevadských hranicích obvykle řeší spíš pašování drog než vraždy. Luther a jeho zástupkyně Ruth Underwoodová se vydávají do vědeckého areálu technologické společnosti Nordvisk Inc. Všichni se snaží utajit, k čemu v areálu dochází, a jak by to mohlo ovlivnit celý svět. Luther i Ruth pomalu začínají pochybovat o vlastím rozumu, nevědí, který z paralelních vesmírů je ten správný a děsí se, co by se mohlo stát, pokud z areálu něco unikne. 
655 7 |a německé romány  |7 fd132945  |2 czenas 
655 7 |a thrillery (romány)  |7 fd184206  |2 czenas 
655 7 |a vědecko-fantastické romány  |7 fd133847  |2 czenas 
655 9 |a German fiction  |2 eczenas 
655 9 |a thrillers (novels)  |2 eczenas 
655 9 |a science fiction novels  |2 eczenas 
700 1 |a Čížek, Vítězslav,  |d 1952-  |7 jn19981002699  |4 trl 
910 2 |a BOA001  |b 2-1433.549 
920 |a 4497802  |z ABG001 
928 9 |a Euromedia Group - Laser 
928 9 |a Laser 
990 |a BK 
995 |a 01 
991 |b 201910  |c NOV 
996 6 |b 2610797184  |c 2-1433.549  |l MZK  |r Sklad / do 1 hodiny  |n 0  |p p.v.  |w 001757881  |u 000010  |a 1  |e BOA001  |j MZK50  |s P